01566nam a2200433 i 450000100060000000300080000600500170001400600190003100700150005000800410006502000180010602000270012403500230015103500240017403500250019803500210022304000310024405000190027508000170029408200140031110000250032524500500035026400390040030000440043933600310048333700330051433800430054750000230059050400290061358801250064259001640076765000330093165000210096465000220098565500270100779700190103485600620105399900170111546692FlNmELB20241216231813.0m o d | cr cnu||||||||140323s2013 sp ob 001 0 spa d z9788490298824 a9788490640173 (e book) a(MiAaPQ)EBC3217669 a(Au-PeEL)EBL3217669 a(CaPaEBR)ebr10831811 a(OCoLC)992000924 aFINmELBbspaerdacFINmELB 4aP62bL123 2013 a801(093)(04)0 a410.92231 aLaborda Gil, Xavier.13aEl anzuelo de Platón /cXavier Laborda Gil. 1aBarcelona :bEditorial UOC,c2013. a1 recurso en línea (i, 179 páginas) atextobtxt2rdacontent/spa acomputadorabc2rdamedia/spa arecurso en líneabcr2rdacarrier/spa aContiene índice. aContiene bibliografía. aDescripción basada en recurso en línea; Título de la página del título en PDF (e-libro, visto March 23, 2014). aRecurso electrónico. Santa Fe, Arg.: e-libro, 2015. Disponible vía World Wide Web. El acceso puede estar limitado para las bibliotecas afiliadas a e-libro. 0aLinguisticsxHistoriography. 4aLingüística. 4aHistoriografía. 4aLibros electrónicos.2 ae-libro, Corp.40uhttps://elibro.net/ereader/politecnicointernacional/57598 c46692d46692